00385 a2200145 450000100060000002000180000608200160002410000190004024500840005925000060014326000350014930000110018450000270019550500170022279616 a9780471634386 a515.352 ROS aShepley L.Ross aIntroduction to Ordinary Differential Equation (4th Edition)hstudent solutions a4 aIndiabJohn Wiley & Sonsc1989 ax+610p aDOS BS Reference Books aGifted Books